| Tag |
First Indicator |
Second Indicator |
Subfields |
| LEADER |
00000cam a22000001 4500 |
| 001 |
in00000052029 |
| 005 |
20151007080253.0 |
| 008 |
711012s1966 nyua b 00010 eng |
| 010 |
|
|
|a 66010958
|
| 035 |
|
|
|a (OCoLC)00264141
|
| 035 |
|
|
|9 AAF4528AM
|
| 040 |
|
|
|a DLC
|c DLC
|d MPG
|d TXA
|d UtOrBLW
|
| 049 |
|
|
|a TXAM
|c [461023]
|
| 050 |
0 |
0 |
|a HV2395
|b .F77
|
| 082 |
0 |
|
|a 155.916
|
| 092 |
|
|
|a 155.916
|b F992t
|
| 100 |
1 |
|
|a Furth, Hans G.
|
| 245 |
1 |
0 |
|a Thinking without language ;
|b psychological implications of deafness /
|c [by] Hans G. Furth.
|
| 264 |
|
1 |
|a New York :
|b Free Press,
|c [1966]
|
| 264 |
|
4 |
|c [©1966]
|
| 300 |
|
|
|a xvi, 236 pages :
|b illustrations ;
|c 22 cm.
|
| 336 |
|
|
|a text
|b txt
|2 rdacontent
|
| 337 |
|
|
|a unmediated
|b n
|2 rdamedia
|
| 338 |
|
|
|a volume
|b nc
|2 rdacarrier
|
| 504 |
|
|
|a Bibliography: pages 229-232.
|
| 650 |
|
0 |
|a Deaf.
|
| 650 |
|
0 |
|a Thought and thinking.
|
| 999 |
|
|
|a MARS
|
| 999 |
f |
f |
|s 835b1c77-a44c-39b3-bba5-2eef932adf8e
|i f47b7d3f-9350-340b-93e4-0ee653a08e46
|t 0
|
| 952 |
f |
f |
|p ric
|a Texas A&M University
|b Rellis Campus
|c Joint Library Facility
|d Remote Storage
|t 0
|e HV2395 .F77
|h Library of Congress classification
|i unmediated -- volume
|m A14800527790
|
| 998 |
f |
f |
|a HV2395 .F77
|t 0
|l Remote Storage
|